| 000 | 01053nam a22002417a 4500 | ||
|---|---|---|---|
| 999 |
_c569 _d569 |
||
| 001 | 20557 | ||
| 003 | BD-DhUAP | ||
| 005 | 20210118094716.0 | ||
| 008 | 200123s2018 bg ||||| |||| 00| 0 ben d | ||
| 022 | _29789848042007 | ||
| 040 |
_aBD-DhUAP _bBen _cBD-DhUAP _dBD-DhUAP |
||
| 082 |
_223 _a005.133 HAS |
||
| 100 | _aহাসান, মুনির। | ||
| 245 |
_aস্ক্র্যাচ দিয়ে প্রোগ্রামিং শুরু / _cমুনির হাসান, তাহমিম রাফি এবং তামিম শাহ্রিয়ার সুবিন। |
||
| 260 |
_aঢাকা : _bদ্বিমিক প্রকাশনী, _cc২০১৮। |
||
| 300 |
_a১১৭ পৃষ্ঠা : _bচিত্র ; _c২৪ সেমি.। |
||
| 650 | _a Computer programming. | ||
| 650 | _a Computer algorithms. | ||
| 650 | _aComputer program. | ||
| 700 | _aরাফি, তাহমিম। | ||
| 700 | _aসুবিন, তামিম শাহ্রিয়ার। | ||
| 942 |
_2ddc _cBK |
||